| 000 | 00442nam a2200121Ia 4500 | ||
|---|---|---|---|
| 008 | 220620s9999||||xx |||||||||||||| ||und|| | ||
| 245 | 0 |
_aBuruli Ulcer _bMycobacterium Ulcerans Disease |
|
| 546 | _aEnglish[eng] | ||
| 650 | _aMedicine||Medical microbiology||Infectious diseases||Health promotion | ||
| 700 | _aPluschke, Gerd||Röltgen, Katharina | ||
| 856 | _uhttps://library.oapen.org/bitstream/20.500.12657/22894/1/1007267.pdf | ||
| 942 | _cEB | ||
| 999 |
_c32147 _d32147 |
||